| 000 | 00613nam a22001937a 4500 | ||
|---|---|---|---|
| 003 | OSt | ||
| 005 | 20260126045837.0 | ||
| 008 | 260112b |||||||| |||| 00| 0 eng d | ||
| 020 | _a1-56308-857-6. | ||
| 040 |
_aDWC-Main Lib. _cOC |
||
| 082 |
_29th ed. _aRes. 025.3 T212w 2000 |
||
| 100 | _aTaylor, Arlene G. | ||
| 245 |
_aWynar's introduction to cataloging and classification 9th ed./ _cArlene G. Taylor |
||
| 250 | _a9th ed. | ||
| 260 |
_aColorado : _bLibraries Unlimited, Inc., c2000. |
||
| 300 |
_axv, 552 p. : _bill. ; _c28 cm. |
||
| 650 | _a1 Cataloging. | ||
| 942 |
_2ddc _cBK-0 CIRC _e9th ed. _hRes. _n0 |
||
| 999 |
_c7270 _d7270 |
||